| 000 | 01330cam a22002534a 4500 | ||
|---|---|---|---|
| 999 |
_c7626 _d7626 |
||
| 003 | OSt | ||
| 005 | 20200317110153.0 | ||
| 008 | 060322s2006 dcuab b 001 0 eng | ||
| 010 | _a 2006009618 | ||
| 020 | _a9781559638913 (pbk. : alk. paper) | ||
| 082 | 0 | 0 |
_a307.12 _222 _bERI |
| 100 | 1 | _aErickson, Donna L. | |
| 245 | 1 | 0 |
_aMetroGreen : _bconnecting open space in North American cities / _cDonna L. Erickson. |
| 260 |
_aWashington : _bIsland Press, _cc2006. |
||
| 300 |
_axiv, 333 p. : _bill., maps ; _c27 cm. |
||
| 504 | _aIncludes bibliographical references (p. 295-303) and index. | ||
| 505 | 0 | _aConnected open space : the metropolitan scale -- Learning from city stories : ten case study comparisons -- Ecology - home : Toronto and Chicago -- Recreation - well-being : Milwaukee and Ottawa -- Transportation - movement : Calgary and Denver -- Community - neighborhood : Vancouver and Portland -- Green infrastructure - hardworking city systems : Cleveland and Minneapolis-St. Paul -- Lessons for realizing connected open-space networks in North American cities. | |
| 650 | 0 |
_aOpen spaces _zNorth America. |
|
| 650 | 0 |
_aCity planning _zNorth America. |
|
| 650 | 0 |
_aRegional planning _zNorth America. |
|
| 650 | 0 |
_aMetropolitan areas _zNorth America _vCase studies. |
|
| 650 | 0 |
_aHuman ecology _zNorth America. |
|
| 942 | _2ddc | ||